| 000 | 01320cam a22002773a 4500 | ||
|---|---|---|---|
| 001 | 2053 | ||
| 003 | PGUSA | ||
| 005 | 20140828083010.0 | ||
| 008 | 000101s2000||||xxu|||||s|||||000 | eng d | ||
| 040 |
_aPGUSA _beng |
||
| 042 | _adc | ||
| 050 | 4 | _aJK | |
| 100 | 1 |
_aBrownson, Orestes Augustus, _d1803-1876 |
|
| 245 | 1 | 4 |
_aThe American Republic : _bIts Constitution, Tendencies, and Destiny _h[electronic resource] / _cOrestes Augustus Brownson |
| 260 |
_bProject Gutenberg, _c2000 |
||
| 505 | 0 | _aIntroduction -- Government -- Origin of government -- Origin of government, continued -- Origin of government, continued -- Origin of government, concluded -- Constitution of government -- Constitution of government, concluded -- The United States -- Constitution of the United States -- The Constitution, continued -- Secession -- Reconstruction -- Political tendencies -- Destiny: political and religious. | |
| 506 | _aPublic domain in the USA. | ||
| 516 | _aElectronic text | ||
| 653 | _aReconstruction (U.S. history, 1865-1877) | ||
| 653 | _aUnited States -- Politics and government -- 1815-1861 -- Philosophy | ||
| 653 | _aSecession -- United States | ||
| 653 | _aConstitutional history -- United States | ||
| 830 | 0 |
_aProject Gutenberg _v2053 |
|
| 856 | 4 | 0 | _uhttp://www.gutenberg.org/ebooks/2053 |
| 942 | _cEB | ||
| 999 |
_c231392 _d231392 |
||